000 00560nam a2200181Ia 4500
001 15624
005 20260306170209.0
008 260306t2017||||xx |||||||||||||| ||und||
041 _aESP
082 _a551.462
_bI59
100 _aInstituto Geofísico del Perú
_eAUT
245 0 _aAvances en la ciencia de el niño, colección de artículos de divulgación cientifica 2015:
_bcolección de artículos de divulgación científica 2015
260 _c2017
300 _a63 páginas :
_c30 cm.
650 _aGEN
654 _aCCN
942 _cLIB
_dJUS
_fJUS
_2ddc
_n
999 _c15624
_d15624